ბათუმის შოთა რუსთაველის სახელმწიფო უნივერსიტეტის ბიბლიოთეკა

ჩანაწერი Corporate Name

ჩანაწერთა რაოდენობა, რომელიც გამოყენებულია: 3

001 - CONTROL NUMBER

  • control field: 11543

003 - CONTROL NUMBER IDENTIFIER

  • control field: GE_BSU

005 - DATE AND TIME OF LATEST TRANSACTION

  • control field: 20210422133012.0

008 - FIXED-LENGTH DATA ELEMENTS

  • fixed length control field: 210422|| aca||aabn | a|a d

040 ## - CATALOGING SOURCE

  • Original cataloging agency: GE_BSU
  • Transcribing agency: GE_BSU

110 ## - HEADING--CORPORATE NAME

  • Corporate name or jurisdiction name as entry element: თბილისის სახ-ფო სამედიცინო უნ-ტი

670 ## - SOURCE DATA FOUND

  • Source citation: Work cat.: (GE_BSU)51765: მიქაძე, ია 11541, ინტერლეიკინ 10 - ს და ინტერლეიკინ 12 - ს პროგნოზული მნიშვნელობა C გეპატიტით პაციენტებში /